Central Library OPAC University of Rajshahi

Higher education in the United Kingdom : (Record no. 47509)

MARC details
000 -LEADER
fixed length control field 00966nam a2200289 a 4500
001 - CONTROL NUMBER
control field 47509
003 - CONTROL NUMBER IDENTIFIER
rucl marc code BD-RjUL
005 - DATE AND TIME OF LATEST TRANSACTION
control field 20211209054331.0
008 - FIXED-LENGTH DATA ELEMENTS--GENERAL INFORMATION
fixed length control field 160810s1960 enk 000 0 eng d
035 ## - SYSTEM CONTROL NUMBER
System control number MITb10956357
System control number (BD-RjUL)47628
040 ## - CATALOGING SOURCE
Original cataloging agency GAT
Transcribing agency GAT
Modifying agency BD-RjUL
Language of cataloging eng
041 ## - LANGUAGE CODE
Language code of text/sound track or separate title eng
082 ## - DEWEY DECIMAL CLASSIFICATION NUMBER
Edition number 23
Classification number 378.42
Author mark and year BRH 1960
110 2# - MAIN ENTRY--CORPORATE NAME
Corporate name or jurisdiction name as entry element British Council.
9 (RLIN) 218843
245 10 - TITLE STATEMENT
Title Higher education in the United Kingdom :
Remainder of title a handbook for students from overseas /
Statement of responsibility, etc. British Council
250 ## - EDITION STATEMENT
Edition statement Rev. ed.
260 ## - PUBLICATION, DISTRIBUTION, ETC. (IMPRINT)
Place of publication, distribution, etc. London ;
Name of publisher, distributor, etc. Longmans, Green & co. Ltd.
Date of publication, distribution, etc. 1960
300 ## - PHYSICAL DESCRIPTION
Pagination 221 p. ;
Size 21 cm.
500 ## - GENERAL NOTE
General note First published in 1937 under title: Higher education in Great Britain and Ireland.
650 #0 - SUBJECT ADDED ENTRY--TOPICAL TERM
Topical term or geographic name as entry element Education, Higher.
9 (RLIN) 144446
Geographic subdivision United Kingdom
Topical term or geographic name as entry element Universities and colleges
Geographic subdivision Great Britain.
9 (RLIN) 144447
Topical term or geographic name as entry element Universities and colleges
Geographic subdivision Ireland.
9 (RLIN) 144448
942 ## - ADDED ENTRY ELEMENTS (KOHA)
Source of classification or shelving scheme Dewey Decimal Classification
Koha item type Books
946 ## - LOCAL PROCESSING INFORMATION (OCLC)
a t
949 ## - LOCAL PROCESSING INFORMATION (OCLC)
a c
p 39080021943052
Holdings
Lost status Source of classification or shelving scheme Damaged status Not for loan Collection code Permanent Location Current Location Shelving location Date acquired Source of acquisition Cost, normal purchase price Total Checkouts Full call number Date last seen Copy number Koha item type
  Dewey Decimal Classification     Non-fiction Central Library, University of Rajshahi Central Library, University of Rajshahi   15/11/1961 Orient Longmans , Dacca 6.00   378.42 BRH 1960 09/08/2016 C-2 Books
  Dewey Decimal Classification     Non-fiction Central Library, University of Rajshahi Central Library, University of Rajshahi   04/03/1964 Zeitlinger 7.60   378.42 BRH 1960 23/08/2016 C-3 Books
  Dewey Decimal Classification     Non-fiction Central Library, University of Rajshahi Central Library, University of Rajshahi   04/03/1964 Zeitlinger 7.60   378.42 BRH 1960 23/08/2016 C-4 Books
  Dewey Decimal Classification     Non-fiction Central Library, University of Rajshahi Central Library, University of Rajshahi   04/03/1964 Zeitlinger 7.60   378.42 BRH 1960 23/08/2016 C-5 Books